<The> Impact of the Energy Label on Sustainable Consumer Buying Behavior

Dotazníkový prieskum zameraný na určenie dôležitosti energetického štítku počas nákupného rozhodovania domácich spotrebičov. Postoj spotrebiteľa k parametrom nových a starých produktov.

Saved in:
Bibliographic Details
Main Author: Knošková, Ľubica, 1965-
Other Authors: Donovalová, Alena, 1986-
Format: Book Chapter
Language:English
Subjects:
Tags: Add Tag
No Tags, Be the first to tag this record!

MARC

LEADER 00000naa$a2200000$$$4500
001 0259739
005 20240502083740.9
041 0 |a eng 
044 |a PL 
245 1 0 |a <The> Impact of the Energy Label on Sustainable Consumer Buying Behavior  |c Ľubica Knošková, Alena Donovalová 
520 |a Dotazníkový prieskum zameraný na určenie dôležitosti energetického štítku počas nákupného rozhodovania domácich spotrebičov. Postoj spotrebiteľa k parametrom nových a starých produktov. 
610 2 0 |a energia elektrická 
610 2 0 |a správanie spotrebiteľa 
610 2 0 |a spotreba 
610 2 0 |a úspory energie 
610 2 0 |a rozhodovanie nákupné 
100 1 |a Knošková, Ľubica, 1965- 
700 1 |a Donovalová, Alena, 1986-